00493nam a22001817a 450000500170000001000110001702000100002803500110003803700160004904000120006508200160007710000200009324500830011326000430019627000110023930000260025065000350027620170124105915.0 a140763 c00.00 a140763 bCen Lib/Ret aDPLbEN a482.03bPAR aPartridge, Eric aOrigins :cby Eric Partridgeba short etyological dicyionary of modern english bRoutledge and Keran paulaLondonc1958 bLondon axiii, 970p.c24cm(Hb) aEnglish DictionaryvDictionary